Umenie vidieť mapovanie toku hodnoty pre tvorbu pridanej hodnoty a odstránenie plytvania
Gespeichert in:
| 1. Verfasser: | |
|---|---|
| Weitere Verfasser: | , |
| Format: | Buch |
| Sprache: | Slowakisch |
| Veröffentlicht: |
Žilina
Slovenské centrum produktivity
2009
|
| Schlagworte: | |
| Tags: |
Keine Tags, Fügen Sie das erste Tag hinzu!
|
MARC
| LEADER | 00000nam$a2200000$$$4500 | ||
|---|---|---|---|
| 001 | 0112091 | ||
| 005 | 20240313133624.0 | ||
| 020 | |a 978-80-89333-12-7 | ||
| 041 | 0 | |a slo | |
| 044 | |a SK | ||
| 245 | 1 | 0 | |a Umenie vidieť |b mapovanie toku hodnoty pre tvorbu pridanej hodnoty a odstránenie plytvania |c Mike Rother, John Shook ; preložili: Miloš Bugan ... [et al.] |
| 264 | 1 | |a Žilina |b Slovenské centrum produktivity |c 2009 | |
| 300 | |a 102 s. | ||
| 610 | 2 | 0 | |a systémy výrobné |
| 610 | 2 | 0 | |a organizácia výroby |
| 610 | 2 | 0 | |a výroba |
| 610 | 2 | 0 | |a optimalizácia |
| 610 | 2 | 0 | |a zlepšovateľstvo |
| 610 | 2 | 0 | |a hodnota |
| 610 | 2 | 0 | |a hospodárnosť |
| 100 | 1 | |a Rother, Mike | |
| 700 | 1 | |a Shook, John | |
| 700 | 1 | |a Bugan, Miloš | |